Normal view
MARC view
Entry Autor Personal (100 - 700)
001 - CONTROL NUMBER
- control field: 129674
003 - CONTROL NUMBER IDENTIFIER
- control field: OSt
005 - DATE AND TIME OF LATEST TRANSACTION
- control field: 20250326113052.0
008 - FIXED-LENGTH DATA ELEMENTS
- fixed length control field: 250326|| aca||aabn | a|a d
040 ## - CATALOGING SOURCE
- Original cataloging agency: OSt
- Transcribing agency: OSt
100 ## - HEADING--PERSONAL NAME
- Personal name: Cuecuecha Malpica, Rafael de Jesús
670 ## - SOURCE DATA FOUND
- Source citation: Work cat.: (OSt)155163: Cuecuecha Malpica, Rafael de Jesús, Ventajas competitivas de implementar sistemas de calidad ambiental en una empresa, 2004